A TEXT BOOK OF COMMUNICATION SKILLS . [ 1ST YEAR B. PHARM] SEM-1 (Record no. 8827)

MARC details
000 -LEADER
fixed length control field 00469nam a22001697a 4500
005 - DATE AND TIME OF LATEST TRANSACTION
control field 20250917115602.0
008 - FIXED-LENGTH DATA ELEMENTS--GENERAL INFORMATION
fixed length control field 250917b |||||||| |||| 00| 0 eng d
020 ## - INTERNATIONAL STANDARD BOOK NUMBER
ISBN 978-93-86700-86-5
041 ## - LANGUAGE CODE
Language code of text/sound track or separate title eng
100 ## - MAIN ENTRY--AUTHOR NAME
Personal name PANDEY, DR. MEENU
245 ## - TITLE STATEMENT
Title A TEXT BOOK OF COMMUNICATION SKILLS . [ 1ST YEAR B. PHARM] SEM-1
250 ## - EDITION STATEMENT
Edition statement 13TH ED. 2025
260 ## - PUBLICATION, DISTRIBUTION, ETC. (IMPRINT)
Place of publication PUNE
Name of publisher NIRALI PRAKASHAN
300 ## - PHYSICAL DESCRIPTION
Number of Pages 10.10;P
650 ## - SUBJECT ADDED ENTRY--TOPICAL TERM
Topical Term ENGLISH LITERATURE
942 ## - ADDED ENTRY ELEMENTS (KOHA)
Koha item type Books
Holdings
Lost status Damaged status Collection code Home library Current library Shelving location Date acquired Source of acquisition Cost, normal purchase price Accession Number Koha item type
    ENGLISH LITERATURE JRU Library JRU Library SHELF-102-D 17/09/2025 SPECIMEN COPY 160.00 0081/D Books